[Event "Asian Continental Blitz op 19th"]
[Site "Delhi"]
[Date "2022.11.03"]
[Round "7"]
[White "Saydaliev, Saidakbar"]
[Black "Sanket, Chakravarty"]
[Result "1-0"]
[WhiteElo "2376"]
[BlackElo "2372"]
[PlyCount "137"]
[EventDate "2022.11.03"]
[EventType "swiss (blitz)"]
[EventRounds "9"]
[EventCountry "IND"]
[SourceTitle "EXT 2024"]
[Source "ChessBase"]
[SourceDate "2023.10.10"]
[SourceVersion "1"]
[SourceVersionDate "2023.10.10"]
[SourceQuality "1"]

1. e4 c5 2. Nf3 e6 3. d4 cxd4 4. Nxd4 Nf6 5. Nc3 Nc6 6. Ndb5 Bb4 7. a3 Bxc3+ 8. Nxc3 d5 9. exd5 exd5 10. Bd3 0-0 11. 0-0 d4 12. Ne2 Bg4 13. f3 Bh5 14. Ng3 Bg6 15. Bg5 h6 16. Bxf6 Qxf6 17. Qd2 Rac8 18. Rfe1 Bxd3 19. cxd3 Rfe8 20. Ne4 Qg6 21. f4 Ne7 22. Ng3 Nd5 23. Re4 Ne3 24. Rc1 Rxc1+ 25. Qxc1 Rxe4 26. dxe4 Qc6 27. Qxc6 bxc6 28. b3 d3 29. Nf1 Nc2 30. a4 Kf8 31. Kf2 Ke7 32. Ne3 Kd6 33. Nf5+ Kc5 34. Nxg7 Kb4 35. e5 Kc3 36. Nf5 c5 37. Ng3 Kxb3 38. f5 Nd4 39. e6 fxe6 40. f6 e5 41. f7 Ne6 42. Ne4 Kb4 43. Ke3 c4 44. g4 Nf8 45. h4 Kb3 46. Kd2 Kxa4 47. Kc3 Kb5 48. g5 hxg5 49. h5 a5 50. Nxg5 a4 51. h6 a3 52. h7 a2 53. Kb2 c3+ 54. Kxa2 d2 55. h8Q d1Q 56. Qxe5+ Kb4 57. Qe4+ Kb5 58. Qb7+ Kc4 59. Qc6+ Kd3 60. Qd5+ Kc2 61. Qb3+ Kd2 62. Ne4+ Ke1 63. Qxc3+ Ke2 64. Ng3+ Kf2 65. Ne4+ Ke2 66. Qc4+ Ke3 67. Nc3 Qd2+ 68. Kb3 Qd6 69. Nd5+ 1-0